Statistiques concernant Palmarès du Championnat de France de Basketball

Cliquez ici pour prendre le quiz!

Statistiques générales

  • Ce quiz a été pris 137 fois
  • Le résultat moyen est 49 sur 100

Statistiques - réponses

HintRéponse% Correct
2023Monaco
93%
1949 | 1950 | 1952 | +18 othersAsvel
90%
2005Strasbourg
76%
2013Nanterre
75%
2010Cholet
67%
1978 | 1979 | 1982 | +2 othersLe Mans
67%
1983 | 1984 | 1985 | +8 othersLimoges CSP
61%
1947 | 1963Paris UC
60%
1936 | 1938SCPO Paris
60%
2008 | 2011Nancy
54%
1986 | 1987 | 1992 | +6 othersPau-Lacq-Orthez
52%
1959 | 2007Roanne
50%
1970 | 1991 | 1995Antibes
44%
1946ESSMG Lyon
40%
1922ICAM Lille
39%
1934Olympique lillois
39%
2012 | 2017Chalon-sur-Saône
29%
1932 | 1933CAUFA Reims
28%
1976 | 1980Tours
26%
1948UA Marseille
26%
1943 | 1944FC Grenoble
19%
1939 | 1942US Métro
15%
1924 | 1925 | 1926 | +6 othersFA Mulhouse
14%
1973 | 1974Berck
13%
1958 | 1960Charleville-Mézières
12%
1965Denain
12%
1951 | 1953 | 1954Racing CF
12%
1921 | 1927Stade Français
11%
1923EN Arras
8%
1997PSG Racing
8%
1961 | 1962 | 1967Alsace Bagnolet
4%
1945Championnet
4%

Distribution des résultats

Percentile par nombre de réponses

% des personnes avec chaque résultat

Votre développement - résultats

Vous n’avez pas pris ce quiz